000 00452nam a2200181Ia 4500
001 15727
005 20260306170217.0
008 260306t2020||||xx |||||||||||||| ||und||
041 _aESP
082 _a601
_bL535
100 _aLennox, John C.,
_eAUT
245 0 _a2084 :
_binteligencia artificial y el futuro de la humanidad
260 _c2020
300 _a281 páginas :
_c21 cm.
650 _aGEN
654 _aCCN
942 _cLIB
_dJUS
_fJUS
_2ddc
_n
999 _c15727
_d15727